000 00684nam a2200229Ia 4500
003 OSt
005 20220114102912.0
008 210716s2011 xx 000 0 und d
020 _a9788126146390
040 _cAIMIT LIBRARY
041 _aeng
082 _a332.0412
_213
_bBHAV
100 _aBhalla, V K.
_913203
245 _aWorking capital management :
_btext and cases /
_cby V K Bhalla.
250 _a13th. ed.-
260 _aNew Delhi:
_bAnmol Publications Pvt Ltd,
_c2011.
300 _axvi, 971; 23cm.
650 _aWorking capital policies
_913204
650 _aForecasting cash flows
_913205
650 _aMonetary system
_913206
942 _2ddc
_cBK
_e13
_k332.0412 BHAV
999 _c207688
_d207688